An oration, on the death of General George Washington : delivered at the chapel in All Saint's Parish, on the 22d of February, 1800, at the desire of the officers and privates of Capt. Ward's Company, and published by their request. By Doctor Joseph Blyth.

Bibliographic Details
Main Author: Blyth, Joseph
Corporate Author: Gale (Firm)
Other Authors: Burd, John, -1801 (Printer)
Format: eBook
Language:English
Subjects:
Online Access:Connect to the full text of this electronic book

MARC

Tag First Indicator Second Indicator Subfields
LEADER 00000cam a2200000 4500
001 in00003876166
005 20190415192516.0
006 m o d
007 cr |n||||||||n
008 860320s1800 xxu|||| o 00| | eng c
035 |a (CU-RivES)W1579 
035 |a (Uk-ES)006433494 
035 |a (OCoLC)510845884 
040 |a MWA  |c MWA  |d CU-RivES  |d CStRLIN  |d Cengage Gale  |d UtOrBLW 
050 4 |a Z1215  |b .B598 1800 
100 1 |a Blyth, Joseph.  |0 http://id.loc.gov/authorities/names/n87926506 
245 1 3 |a An oration, on the death of General George Washington :  |b delivered at the chapel in All Saint's Parish, on the 22d of February, 1800, at the desire of the officers and privates of Capt. Ward's Company, and published by their request. By Doctor Joseph Blyth. 
264 3 |a Georgetown, S.C. :  |b Printed by John Burd,  |c MDCCC. [1800] 
300 |a 1 online resource (22 pages)  
336 |a text  |b txt  |2 rdacontent 
337 |a computer  |b c  |2 rdamedia 
338 |a online resource  |b cr  |2 rdacarrier 
509 |a Format from Evans. 
510 4 |a Evans,  |c 36990 
510 4 |a Stillwell, M.B. Washington eulogies,  |c 289 
510 4 |a English Short Title Catalog,  |c W1579. 
500 |a Reproduction of original from Library of Congress. 
500 |a Electronic resource. 
600 1 0 |a Washington, George,  |d 1732-1799  |x Death and burial. 
655 7 |a Electronic books.  |2 local 
655 7 |a Funeral addresses  |y 1800.  |2 rbgenr 
700 1 |a Burd, John,  |d -1801,  |e printer.  |0 http://id.loc.gov/authorities/names/nr91005056 
710 2 |a Gale (Firm)  |0 http://id.loc.gov/authorities/names/no2008071348 
752 |a United States  |b South Carolina  |d Georgetown. 
856 4 0 |u http://proxy.library.tamu.edu/login?url=http://find.galegroup.com/ecco/infomark.do?contentSet=ECCOArticles&docType=ECCOArticles&bookId=1485800300&type=getFullCitation&tabID=T001&prodId=ECCO&docLevel=TEXT_GRAPHICS&version=1.0&source=library&userGroupName=txshracd2898  |z Connect to the full text of this electronic book  |t 0 
999 f f |s 477680a8-3c56-3017-8d1e-293262dfffd8  |i 09a546cb-3fcc-3d7e-89e7-93f1cc9609f9  |t 0 
952 f f |a Texas A&M University  |b College Station  |c Electronic Resources  |d Available Online  |t 0  |e Z1215 .B598 1800  |h Library of Congress classification 
998 f f |a Z1215 .B598 1800  |t 0  |l Available Online